| 000 | 00756nam a2200229Ia 4500 | ||
|---|---|---|---|
| 003 | OSt | ||
| 005 | 20220926033945.0 | ||
| 006 | a|||||r|||| 00| 0 | ||
| 007 | ta | ||
| 008 | 220923b |||||||| |||| 00| 0 eng d | ||
| 037 | _cGeneral Book | ||
| 040 |
_aRTL _cRTL _beng |
||
| 041 |
_2eng _aeng |
||
| 082 | _aX:576.73.N63t, K3/GD | ||
| 110 |
_aUS. BALANCE OF PAYMENTS, JOINT ECONOMIC (Committee on-). (1963). _9339859 |
||
| 245 | 0 | _aStatements by economists, bankers and others on the brooking institutions study | |
| 260 |
_aWashington _c1963 |
||
| 300 |
_a587p _ccm. |
||
| 700 |
_aUS. BALANCE OF PAYMENTS, JOINT ECONOMIC (Committee on-). (1963). _9339860 |
||
| 942 |
_hX:576.73.N63t, K3/GD _cGB _2CC |
||
| 999 |
_c658455 _d658455 |
||